000 01128cam a2200361 4500
001 19947
003 SK-KTurca
005 20251217162422.0
008 201203s2021 xr gr 000 fdslo
015 _aSNBZSA2023/11
020 _a9788020619099
_q(viazané)
020 _a9788020619105
_q(brožované)
040 _aSNK
_bslo
_cSNK
_erda
041 _aslo
044 _axr
_cCZ
072 7 _a821.162.4-3
_xSlovenská próza
_2konspekt
080 _a821.162.4-31
_22011
080 _a(0:82-312.4)
_22011
100 1 _aBraunová, Lucia,
_d1985-
_4aut
245 1 0 _aVšetko, na čom záleží
_cLucia Braunová
264 1 _aPraha
_bNaše vojsko
_c2021
300 _a247 strán
_c19 cm
336 _atext
_btxt
_2rdacontent
337 _abez média
_bn
_2rdamedia
338 _azväzok
_bnc
_2rdacarrier
500 _aObsahuje životopisné údaje o autorke na záložke prebalu publikácie
655 7 _aslovenské romány
_2SNKPH
655 7 _aľúbostné romány
_2SNKPH
655 7 _aSlovak fiction
_2SNKPHeng
655 7 _aLove novels
_2SNKPHeng
942 _2ddc
_cKLDO
_n0
999 _c19947
_d19947